Normal view
MARC view
Entry Topical Term
001 - CONTROL NUMBER
- control field: 39437
003 - CONTROL NUMBER IDENTIFIER
- control field: ARRUPE
005 - DATE AND TIME OF LATEST TRANSACTION
- control field: 20180219153454.0
008 - FIXED-LENGTH DATA ELEMENTS
- fixed length control field: 180219|| aca||aabn | a|a d
040 ## - CATALOGING SOURCE
- Original cataloging agency: ARRUPE
- Transcribing agency: ARRUPE
150 ## - HEADING--TOPICAL TERM
- Topical term or geographic name as entry element: Social history
670 ## - SOURCE DATA FOUND
- Source citation: Work cat.: (ARRUPE)56569: Reed, Douglas 39436, Somewhere south of Suez /, 1950